La oportunidad de crecer: la educación frente al abuso de drogas.
Saved in:
| Hovedforfatter: | |
|---|---|
| Format: | Bog |
| Sprog: | engelsk |
| Udgivet: |
Washington, D.C, USA
OEA
1987
|
| Serier: | Monografía Educativa.
12 |
| Fag: | |
| Tags: |
Tilføj Tag
Ingen Tags, Vær først til at tagge denne postø!
|
MARC
| LEADER | 00000nam a2200000 a 4500 | ||
|---|---|---|---|
| 001 | UCY3610 | ||
| 003 | CL-VaPUC | ||
| 005 | 20240930160401.0 | ||
| 008 | 950110e19870000US |||||||||||||||||eng|d | ||
| 999 | |c 231702 |d 231700 | ||
| 040 | |c Pontificia Universidad Católica de Valparaíso | ||
| 082 | 0 | 4 | |a 370.114 BAT 1987 |2 21 |
| 100 | 0 | |a Batista, Francisco |9 331966 | |
| 245 | 1 | 3 | |a La oportunidad de crecer: la educación frente al abuso de drogas. |
| 260 | 0 | 3 | |a Washington, D.C, USA |b OEA |c 1987 |
| 300 | |a 150 páginas. | ||
| 490 | 0 | |a Monografía Educativa. |v 12 | |
| 583 | |a last modification |c 19950110 00:00:00 |k Rodrigo Vera | ||
| 650 | 0 | |a Abuso de drogas |9 254876 | |
| 650 | 0 | |a Drogadicción |9 331967 | |
| 942 | |c BK |2 ddc | ||
| 945 | |d 19950110 00:00:00 |a rbrito | ||
| 952 | |0 0 |1 0 |2 ddc |4 0 |6 370_114000000000000_BAT_1987 |7 0 |8 A |9 235237 |a BIBEDU |b BIBEDU |d 2019-11-15 |i 3035395 |o 370.114 BAT 1987 |p 3035395 |r 2019-11-15 |t 1 |w 2019-11-15 |y BK |k EDU | ||